000 00766cam a2200229 a 4500
001 1166255
005 20180918044657.0
008 960722s1997 mau b 000 0 eng
010 _a 96085675
020 _a1878512064
040 _aDLC
_cDLC
_dDLC
041 _aeng
080 _a616.89 SPA
082 0 0 _a616.89 SPA
_221
100 _a48
101 _aPSI
245 0 0 _aPsychological and social aspects of psychiatric disability /
_cedited by LeRoy Spaniol, Cheryl Gagne, Martin Koehler.
504 _aIncludes bibliographical references.
906 _a7
_bcbc
_corignew
_d2
_eopcn
_f19
_gy-gencatlg
942 _2ddc
_cBK
999 _c47913
_d47913